000
00302nam a22001217a 4500
082
_a
894.812
_b
SRE/I
100
_a
PROF.K.SREEDHARAN
245
_a
INDIAN BAHIRAKASHA CHARITRAM
260
_a
THRICHUR
_b
KERALA SASTRA SAHITHYA PARISHATH
300
_a
91
650
_a
GENERAL KNOWLEDGE
_z
KERALA
942
_c
BK
999
_c
1039
_d
1039